Reactions and characterization of solids / (Record no. 7121)

MARC details
000 -LEADER
fixed length control field 01097cam a22003014a 4500
001 - CONTROL NUMBER
control field 12858424
003 - CONTROL NUMBER IDENTIFIER
control field OSt
005 - DATE AND TIME OF LATEST TRANSACTION
control field 20210903143957.0
008 - FIXED-LENGTH DATA ELEMENTS--GENERAL INFORMATION
fixed length control field 020717s2002 nyua b 001 0 eng
010 ## - LIBRARY OF CONGRESS CONTROL NUMBER
LC control number 2002511022
020 ## - INTERNATIONAL STANDARD BOOK NUMBER
International Standard Book Number 0471224812
040 ## - CATALOGING SOURCE
Original cataloging agency DLC
Transcribing agency DDC
Modifying agency DLC
042 ## - AUTHENTICATION CODE
Authentication code pcc
050 00 - LIBRARY OF CONGRESS CALL NUMBER
Classification number QD478
Item number .D36 2002
082 00 - DEWEY DECIMAL CLASSIFICATION NUMBER
Classification number 540DAN2002
100 1# - MAIN ENTRY--PERSONAL NAME
Personal name Dann, Sandra E.
9 (RLIN) 13678
245 10 - TITLE STATEMENT
Title Reactions and characterization of solids /
Statement of responsibility, etc. Edited by Dann,Sandra E.
260 ## - PUBLICATION, DISTRIBUTION, ETC. (IMPRINT)
Place of publication, distribution, etc. New York :
Name of publisher, distributor, etc. Wiley-Interscience,
Date of publication, distribution, etc. c2002.
300 ## - PHYSICAL DESCRIPTION
Extent vi,201p. :
Other physical details ill. (some col.) ;
Dimensions 25 cm.
440 #0 - SERIES STATEMENT/ADDED ENTRY--TITLE
Title Basic concepts in chemistry
9 (RLIN) 14669
504 ## - BIBLIOGRAPHY, ETC. NOTE
Bibliography, etc Includes; bibliographical references and index.
650 #0 - SUBJECT ADDED ENTRY--TOPICAL TERM
Topical term or geographic name as entry element Chemistry
9 (RLIN) 797
856 42 - ELECTRONIC LOCATION AND ACCESS
Materials specified Publisher description
Uniform Resource Identifier <a href="http://www.loc.gov/catdir/description/wiley0310/2002511022.html">http://www.loc.gov/catdir/description/wiley0310/2002511022.html</a>
856 41 - ELECTRONIC LOCATION AND ACCESS
Materials specified Table of contents
Uniform Resource Identifier <a href="http://www.loc.gov/catdir/toc/wiley023/2002511022.html">http://www.loc.gov/catdir/toc/wiley023/2002511022.html</a>
906 ## - LOCAL DATA ELEMENT F, LDF (RLIN)
a 7
b cbc
c orignew
d 2
e ncip
f 20
g y-gencatlg
942 ## - ADDED ENTRY ELEMENTS (KOHA)
Source of classification or shelving scheme Dewey Decimal Classification
Koha item type Open Shelf

No items available.